000
00276nam a22000977a 4500
082
_a
954.9355
_b
GHQ
245
_a
Pakistan Army Green Book 2019/
_c
General Headquarters, GHQ:
260
_a
GHQ; General Headquarters:
_b
Rawalpindi,
_c
2019.
300
_a
192p. :
942
_2
ddc
_c
REF
999
_c
610531
_d
610531